<?xml version="1.0" encoding="UTF-8"?>
<collection xmlns="http://www.loc.gov/MARC21/slim">
  <record>
    <leader>00000nam  2200000   4500</leader>
    <controlfield tag="001">INLIS000000000020181</controlfield>
    <controlfield tag="005">20250526103345</controlfield>
    <datafield tag="035" ind1="#" ind2="#">
      <subfield code="a">0010-0525000264</subfield>
    </datafield>
    <controlfield tag="007">ta</controlfield>
    <controlfield tag="008">250526################|##########|#|##</controlfield>
    <datafield tag="084" ind1="#" ind2="#">
      <subfield code="a">R 0113 PKN II 2024</subfield>
    </datafield>
    <datafield tag="100" ind1=" " ind2="#">
      <subfield code="a">Rinaldi Umar</subfield>
    </datafield>
    <datafield tag="245" ind1="1" ind2="#">
      <subfield code="a">Sistem Peningkatan Dan Uji Kompetensi Berbasis Data Profil Yang Terintegrasi Dengan Evaluasi 360 derajat Terhadap Pemangku Jabatan Pengawas Ketenagakerjaan Dan Penguji K# /</subfield>
      <subfield code="c">Rinaldi Umar</subfield>
    </datafield>
    <datafield tag="250" ind1="#" ind2="#">
      <subfield code="a">1</subfield>
    </datafield>
    <datafield tag="260" ind1="#" ind2="#">
      <subfield code="a">Jakarta :</subfield>
      <subfield code="b">Pusbangkom Pimnas,</subfield>
      <subfield code="c">2024</subfield>
    </datafield>
    <datafield tag="300" ind1="#" ind2="#">
      <subfield code="a">80 :</subfield>
      <subfield code="b">ilus ;</subfield>
      <subfield code="c">29 x 21 x 0,5</subfield>
    </datafield>
    <datafield tag="650" ind1="#" ind2="4">
      <subfield code="a">Evaluasi, Pengembangan KOmpetensi</subfield>
    </datafield>
    <datafield tag="520" ind1="#" ind2="#">
      <subfield code="a">Pemanfaatan teknologi digital dalam mengelola administrasi pemerintahan dan&#13;
pemberian layanan, pada saat ini merupakan suatu keharusan yang tidak dapat&#13;
dihindari. Seiring dengan berkembangnya pemanfaatan kecerdasan buatan (Artificial&#13;
Inteligen), teknologi digital telah menjadi semi “ auto pilot “yang lebih objektif dan&#13;
terukur dalam memberikan layanan. Terkait hal tersebut, maka dalam upaya&#13;
memberikan jaminan kualitas, objektifitas dan ketepatan sasaran pada agenda&#13;
Peningkatan dan Uji Kompetensi maupun evaluasi terhadap Pengawas&#13;
Ketenagakerjaan dan Penguji K3, dukungan teknolgi digital merupakan suatu&#13;
keharusan yang bersifat mutlak. Dalam proyek perubahan ini Project Leader&#13;
memanfaatkan teknologi digital sebagai upaya untuk lebih mengenal kekuatan dan&#13;
kelemahan dari Pengawas Ketenagakerjaan dan Penguji K3 dengan cara mengumpul&#13;
data dan rekam jejak mereka dalam suatu sistem data yang bergerak. Selanjutnya&#13;
penyusunan kurikulum dan pelatihan akan diarahkan untuk memperbaiki kelemahan&#13;
dan memelihara kekuatan yang telah dimiliki. Sistem informasi ini juga diharapkan&#13;
dapat memonitor kinerja Pengawas Ketenagakerjaan dan Penguji K3 serta terkoneksi&#13;
dengan sistem evaluasi 3600&#13;
&#13;
yaitu penilaian pimpinan, kepuasan dari pihak yang&#13;
dilayani. Terekamnya data-data sebagaimana tersebut diatas akan dapat dijadikan&#13;
dasar untuk mengukur portofolio Pengawas Ketenagakerjaan dan Penguji K3 dalam&#13;
mengikuti Uji Kompetensi menuju jenjang yang lebih tinggi. Dalam masa implementasi&#13;
proyek perubahan jangka pendek yang 2 (dua) bulan ini Project Leader telah berhasil&#13;
menginisiasi dan mengkoordinir pembangunan Sistem yang disebut dengan Sistem&#13;
Informasi Profil Pengawas Ketenagakerjaan dan Penguji K3 disingkat dengan SIPROF&#13;
WASUJIK3 dan merealisasikan semua tujuan jangka pendek dalam pelaksanaan&#13;
&#13;
pembangunan sistem tersebut, sebagai cikal bakal untuk merealisasikan langkah-&#13;
langkah lanjutan (jangka menengah dan panjang) dan pengembangan sistem tersebut&#13;
&#13;
sesuai dengan keadaan yang berkembang. Keberhasilan pembangunan sistem yang&#13;
menjadi bagian dari proyek perubahan ini tidak terlepas dari kerjasama dan andil dari&#13;
semua stakeholder baik pada lintas direktorat maupun Pemerintahan Propinsi.&#13;
Terjalinnya kontribusi dari semua pihak, tidak dapat dilepaskan dari strategi komunikasi&#13;
Project Leader dalam meyakinkan stakeholder akan pentingnya Proyek Perubahan&#13;
tersebut.</subfield>
    </datafield>
    <datafield tag="856" ind1="#" ind2="#">
      <subfield code="a">Perpustakaan Pusat LAN</subfield>
    </datafield>
    <datafield tag="990" ind1="#" ind2="#">
      <subfield code="a">2024/1.2,2/A/0113</subfield>
    </datafield>
  </record>
</collection>
